اردو صحافت: (Record no. 173364)
[ view plain ]
| 000 -LEADER | |
|---|---|
| fixed length control field | 00653nam a22001937a 4500 |
| 005 - DATE AND TIME OF LATEST TRANSACTION | |
| control field | 20200309143113.0 |
| 010 ## - LCCN (DPL NO) | |
| LC control number | B-208811 |
| 020 ## - INTERNATIONAL STANDARD BOOK NUMBER | |
| International Standard Book Number | 8182232155 |
| Terms of availability | 300.00 |
| 035 ## - SYSTEM CONTROL NUMBER | |
| System control number | B-208811 |
| 037 ## - SOURCE OF ACQUISITION | |
| Source of stock number/acquisition | Cen Lib/Ret |
| 082 ## - DEWEY DECIMAL CLASSIFICATION NUMBER | |
| Classification number | 070 |
| 100 ## - MAIN ENTRY--PERSONAL NAME | |
| Personal name | ہومایوں اشرف |
| 245 ## - TITLE STATEMENT | |
| Title | اردو صحافت: |
| Remainder of title | مسایل اور امکانات / |
| Statement of responsibility, etc | ہومایوں اشرف |
| 246 ## - VARYING FORM OF TITLE | |
| Title proper/short title | Urdu Sahafat: Masail Aur Imkanat / |
| Remainder of title | by Humayun Ashraf |
| 260 ## - PUBLICATION, DISTRIBUTION, ETC. (IMPRINT) | |
| Place of publication, distribution, etc | New Delhi |
| Name of publisher, distributor, etc | Educational Publishing House |
| Date of publication, distribution, etc | 2006 ء |
| 270 ## - ADDRESS | |
| Address | 3108, Vakil Street, Kucha Pandit, Lal Kuan |
| City | Delhi |
| Postal code | 6 |
| 300 ## - PHYSICAL DESCRIPTION | |
| Extent | 443p. |
| Dimensions | 23cm(Hb) |
| 942 ## - ADDED ENTRY ELEMENTS (KOHA) | |
| Source of classification or shelving scheme | Dewey Decimal Classification |
| Item type | Urdu Bks |
| Classification part | 070 |
| Call number suffix | ا ر د |
| Withdrawn status | Lost status | Not for loan | Collection code | Home library | Current library | Date acquired | Source of acquisition | Cost, normal purchase price | Full call number | Barcode | Copy number | Cost, replacement price | Koha item type |
|---|---|---|---|---|---|---|---|---|---|---|---|---|---|
| Non-fiction | Central Library | Central Library | 22/02/2020 | BPPD/Ven. | 300.00 | 070 ا ر د | B-208811 | 1 | 300.00 | Urdu Bks |
